000 00374 a2200169 4500
001 70283
020 _a8508070993
040 _cAnchieta - Itaigara
100 _aRei Marcos
240 1 0 _aO menino que adivinhava
_lpor
245 1 0 _aO menino que adivinhava
300 _a101
362 0 _a2005
440 1 _aÁtica
650 4 _aLiteratura infanto-juvenil
942 _cBK
999 _c70283
_d70283